Music Quiz

Random Music or Artist Quiz

Indie Pop Artists/Bands Quiz Stats

 Plays Quiz not verified by Sporcle

Challenge
Share
Tweet
Score 0/25 Timer 10:00
0 Plays Today
% Correct
Lana del Rey
75.3%
Lorde
72.6%
The xx
57.5%
Grimes
50.7%
FKA twigs
50.7%
Morrissey
47.9%
She and Him
42.5%
Sufjan Stevens
34.2%
Florence and the Machine
31.5%
HAIM
31.5%
MGMT
30.1%
Sky Ferreira
28.8%
27.4%
% Correct
Anohni
26%
Beach House
24.7%
Foster The People
23.3%
Dev Hynes
20.5%
Belle and Sebastian
19.2%
Cat Power
19.2%
Lykke Li
17.8%
M83
15.1%
Jessie Ware
9.6%
Chairlift
8.2%
Wild Nothing
6.8%
Stars
6.8%

You're not logged in!

Compare scores with friends on all Sporcle quizzes.
OR
Log In

You Might Also Like...

Show Comments

Extras

Created Jun 14, 2016ReportNominate
Tags:Artist Quiz, indie, pop

Top Quizzes Today


Score Distribution

Your Account Isn't Verified!

In order to create a playlist on Sporcle, you need to verify the email address you used during registration. Go to your Sporcle Settings to finish the process.

Report this User

Report this user for behavior that violates our Community Guidelines.

Details: